书目信息 |
| 题名: |
善待打拼的本钱
|
|
| 作者: | 止戈 编著 | |
| 分册: | ||
| 出版信息: | 上海 上海远东出版社 2002.06 |
|
| 页数: | 192页 | |
| 开本: | 21cm | |
| 丛书名: | 21世纪健康生活丛书 | |
| 单 册: | ||
| 中图分类: | R161 | |
| 科图分类: | ||
| 主题词: | 保健--bao jian--基本知识 | |
| 电子资源: | ||
| ISBN: | 7-80661-493-1 | |
| 000 | 00948nam 2200265 450 | |
| 001 | 012008194051 | |
| 005 | 20080314170041.95 | |
| 010 | @a7-80661-493-1@dCNY13.80 | |
| 100 | @a20080314d2002 km y0chiy0120 ea | |
| 101 | 0 | @achi |
| 102 | @aCN@b310000 | |
| 105 | @ay z 000yy | |
| 106 | @ar | |
| 200 | 1 | @a善待打拼的本钱@Ashan dai da pin de ben qian@e"亚健康"自我诊疗@f止戈编著@Fzhi ge bian zhu |
| 210 | @a上海@c上海远东出版社@d2002.06 | |
| 215 | @a192页@d21cm | |
| 225 | 2 | @a21世纪健康生活丛书@A21 shi ji jian kang sheng huo cong shu |
| 330 | @a本书将提示您如何经过专家的科学指导,选择中医的、物理的、心理的等等适合自己的诊疗“亚健康”的方法,使您工作更顺利,更有成就。 | |
| 410 | 0 | @12001 @a21世纪健康生活丛书 |
| 517 | 1 | @a"亚健康"自我诊疗@A"ya jian kang"zi wo zhen liao |
| 606 | 0 | @a保健@Abao jian@x基本知识 |
| 690 | @aR161@v4 | |
| 701 | 0 | @a止戈@Azhi ge@4编著 |
| 801 | 0 | @aCN@bQSSK@c20080314 |
| 905 | @b20283489-91@dR161@eZ479@f3 | |
| 善待打拼的本钱:"亚健康"自我诊疗/止戈编著.-上海:上海远东出版社,2002.06 |
| 192页;21cm.-(21世纪健康生活丛书) |
| ISBN 7-80661-493-1:CNY13.80 |
| 本书将提示您如何经过专家的科学指导,选择中医的、物理的、心理的等等适合自己的诊疗“亚健康”的方法,使您工作更顺利,更有成就。 |
| ● |
| 相关链接 |
|
|
|
正题名:善待打拼的本钱
索取号:R161/Z479
 
预约/预借
| 序号 | 登录号 | 条形码 | 馆藏地/架位号 | 状态 | 备注 |
| 1 | 283489 | 202834898 | 自科库401/401自科库 5排1列5层/ [索取号:R161/Z479] | 在馆 | |
| 2 | 283490 | 202834905 | 自科库401/401自科库 5排1列5层/ [索取号:R161/Z479] | 在馆 | |
| 3 | 283491 | 202834914 | 自科库401/401自科库 5排1列5层/ [索取号:R161/Z479] | 在馆 |